1145 1320 1322 1981 1206 1274 1680 1764 1184 1457 1842 1445 1146 1270 1693 1604 1733 1566 1843 1447 1270 1483 1313 1837 1644 1104 1884 1016 1814 1589 1412 1345 1117 1200 1458 1008 1368 1679 1739 1179 1811 1870 1834 1724 1173 1154 1506 1730 1412 1583 1578 1599 1082 1627 1794 1205 1090 1298 1962 1571 1335 1719 1226 1465 1379 1508 1639 1902 1385 1543 1335 1783 1824 1349 1103 1919 1646 1280 1086 1510 1792 1421 1125 1152 1851 1689 1444 1611 1553 1052 1880 1094 1609 1399 1118 1160 1928 1341 1904 BCNSPRNW ULIB Ver.6.0+V

เปลี่ยนเป็นภาษาไทย

Change to English
 แสดงรายละเอียดบรรณานุกรม
  กลับหน้าหลัก

Brief Record : Get Marc (ISO 2709) : E-mail record : QR code < ปิดหน้าต่าง
LEADER : 00000nam 2200000uu 4500
001    13399112322
003     ULIB
008    110627s2554||||th 000 0 tha d
020    9786165220224
090    นว.^bก316ว 2554
100 0  กลีบลำดวน
245 00 วาระรัก/^cกลีบลำดวน
250    พิมพ์ครั้งที่ 1
260    กรุงเทพฯ :^bอินเลิฟ,^c2554
300    278 หน้า
710 1  อินเลิฟ
945    ^p179^l0^i030393
995    ทศพร
999 ^a ใช้งานได้ทุกระบบ
รายการนี้ยังไม่มีแท็ก
คุณยังไม่ได้ล็อกอิน คุณสามารถมีกิจกรรมร่วมกับเว็บไซต์ได้ แต่ต้องล็อกอินก่อน ::
  ล็อกอิน

รายการสื่อสารสนเทศ

ลำดับที่ ประเภท เลขเรียก/บาร์โค้ด สถานที่ สถานะ
- ไม่พบข้อมูล -

รายการใกล้เคียง
    ผู้แต่ง [กลีบลำดวน]

BibComment


ยังไม่เคยถูกคอมเมนท์

คอมเมนท์ทรัพยากรรายการนี้
  คอมเมนท์: วาระรัก กลีบลำดวน


 Copyright 2026. Bcnsprnw @Library